The noble scholar, jurist, historian


 His Excellency Dr. Abdul Wahhab bin Ibrahim Abu Sulaiman, may Allah have mercy on him.


 He was born in Umm Al-Qura in the year 1356 AH.

مناحل الشفا ومناهل الصفا بتحقيق كتاب شرف المصطفى صلى الله عليه وسلم / (Record no. 1522)

MARC details
000 -LEADER
fixed length control field 01396cam a22002651i 4500
003 - CONTROL NUMBER IDENTIFIER
control field SA-RiAUC
005 - DATE AND TIME OF LATEST TRANSACTION
control field 20241020152938.0
008 - FIXED-LENGTH DATA ELEMENTS--GENERAL INFORMATION
fixed length control field 241020s2003 ||| g 000 0bara c
040 ## - CATALOGING SOURCE
Original cataloging agency EG-CaDAJ
Language of cataloging ara
Transcribing agency SA-RiAUC
Description conventions rda
082 04 - DEWEY DECIMAL CLASSIFICATION NUMBER
Classification number 239
090 ## - LOCALLY ASSIGNED LC-TYPE CALL NUMBER (OCLC); LOCAL CALL NUMBER (RLIN)
Classification number (OCLC) (R) ; Classification number, CALL (RLIN) (NR) 239
Local cutter number (OCLC) ; Book number/undivided call number, CALL (RLIN) خ ر ك
100 1# - MAIN ENTRY--PERSONAL NAME
Personal name الخركوشي، عبد الملك بن محمد بن إبراهيم،
Dates associated with a name توفي 407 هجري
Relator term مؤلف.
245 10 - TITLE STATEMENT
Title مناحل الشفا ومناهل الصفا بتحقيق كتاب شرف المصطفى صلى الله عليه وسلم /
Statement of responsibility, etc. أبو سعد عبد الملك النيسابوري الخركوشي ؛ رواية أبي القاسم عبد الكريم القشيري.
264 #1 - PRODUCTION, PUBLICATION, DISTRIBUTION, MANUFACTURE, AND COPYRIGHT NOTICE
Place of production, publication, distribution, manufacture [مكان النشر غير محدد] :
Name of producer, publisher, distributor, manufacturer عبد الملك بن محمد بن إبراهيم الخركوشي،
Date of production, publication, distribution, manufacture, or copyright notice 2003
300 ## - PHYSICAL DESCRIPTION
Extent 6 مجلد؛
Dimensions 24سم.
336 ## - CONTENT TYPE
Content type term نص
Content type code txt
Source rdacontent
Materials specified كتاب
337 ## - MEDIA TYPE
Media type term بدون وسيط
Media type code n
Source rdamedia
338 ## - CARRIER TYPE
Carrier type term مجلد
Carrier type code nc
Source rdacarrier
600 07 - SUBJECT ADDED ENTRY--PERSONAL NAME
Personal name محمد (صلى الله عليه وسلم)،
Dates associated with a name 53 قبل الهجرة-11 هجري
Source of heading or term aucnm
650 #7 - SUBJECT ADDED ENTRY--TOPICAL TERM
Topical term or geographic name entry element السيرة النبوية
Source of heading or term aucsh
700 1# - ADDED ENTRY--PERSONAL NAME
Personal name القشيري، عبد الكريم بن هوازن بن عبد الملك،
Dates associated with a name 376-465 هجري
Relator term راوي.
740 0# - ADDED ENTRY--UNCONTROLLED RELATED/ANALYTICAL TITLE
Uncontrolled related/analytical title شرف المصطفى صلى الله عليه وسلم.
942 ## - ADDED ENTRY ELEMENTS (KOHA)
Source of classification or shelving scheme Dewey Decimal Classification
Koha item type Books
Suppress in OPAC No
949 ## - LOCAL PROCESSING INFORMATION (OCLC)
a SA-JeALM
d 241020
u eid123
n 1
Holdings
Withdrawn status Lost status Source of classification or shelving scheme Materials specified (bound volume or other part) Damaged status Not for loan Home library Current library Date acquired Total checkouts Full call number Barcode Date last seen Price effective from Koha item type
    Dewey Decimal Classification الجزء الاول     DR AbdElwahab Library DR AbdElwahab Library 10/20/2024   239 خ ر ك 000002194 10/20/2024 10/20/2024 Books
    Dewey Decimal Classification الجزء الثاني     DR AbdElwahab Library DR AbdElwahab Library 10/20/2024   239 خ ر ك 000002195 10/20/2024 10/20/2024 Books
    Dewey Decimal Classification الجزء الثالث     DR AbdElwahab Library DR AbdElwahab Library 10/20/2024   239 خ ر ك 000002196 10/20/2024 10/20/2024 Books
    Dewey Decimal Classification الجزء الرابع     DR AbdElwahab Library DR AbdElwahab Library 10/20/2024   239 خ ر ك 000002197 10/20/2024 10/20/2024 Books
    Dewey Decimal Classification الجزء الخامس     DR AbdElwahab Library DR AbdElwahab Library 10/20/2024   239 خ ر ك 000002198 10/20/2024 10/20/2024 Books
    Dewey Decimal Classification الجزء السادس     DR AbdElwahab Library DR AbdElwahab Library 10/20/2024   239 خ ر ك 000002199 10/20/2024 10/20/2024 Books